000 00355nam a2200145Ia 4500
100 _aKaminsky/ M.
942 _cBK
654 _aElectrical machine installation
245 _aElectrical machine installation & welding practice
260 _bMir Publishers
_aMoscow
_c1976
082 _a621.31
_bKam
300 _a304
546 _aENGLISH
999 _c26654
_d26654